Statistics for 29 Largest Countries with a Map - One Minute Sprint

Click here to take the quiz!

General Stats

  • This quiz has been taken 1,257 times
  • The average score is 22 of 29

Answers on the Map

Answers color-coded by a green-red scale on the quiz's map according to % correct below.
 

Answer Stats

AreaCountry% Correct
8.51 mBrazil
99%
9.98 mCanada
99%
9.64 mChina
99%
17.09 mRussia
99%
9.52 mUnited States
99%
3.16 mIndia
98%
7.69 mAustralia
97%
2.78 mArgentina
93%
2.38 mAlgeria
92%
1.96 mMexico
90%
2.72 mKazakhstan
89%
2.14 mSaudi Arabia
88%
2.34 mDR Congo
87%
1.56 mMongolia
85%
1.88 mSudan
84%
1.64 mIran
83%
1.75 mLibya
81%
1.28 mChad
67%
1.28 mPeru
67%
1.22 mS{outh Africa}
66%
1.26 mN{iger}
64%
1.24 mM{ali}
62%
1 mE{gypt}
59%
1.24 mA{ngola}
58%
1.9 mIndonesia
58%
1.1 mE{thiopia}
46%
1.14 mC{olombia}
45%
1.09 mB{olivia}
41%
1.03 mM{auritania}
35%

Score Distribution

Percentile by Number Answered

Percent of People with Each Score

Your Score History

You have not taken this quiz